Statistics for Countries With The Most Muslims Outside MENA

Click here to take the quiz!

General Stats

  • This quiz has been taken 57 times
  • The average score is 23 of 30

Answer Stats

Pop.%Country% Correct
200,0 mil14.6India
96%
231,0 mil86.7Indonesia
96%
229,5 mil96.5Pakistan
96%
50,0 mil3.0China
94%
158,8 mil91.0Bangladesh
88%
21,1 mil98.3Niger
86%
97,0 mil49.0Nigeria
86%
20,0 mil63.5Malaysia
84%
17,5 mil95.0Mali
84%
17,4 mil97.2Senegal
80%
10,9 mil99.7Somalia
80%
5,7 mil8.9France
78%
14,0 mil10.0Russia
78%
9,2 mil97.9Tajikistan
78%
19,4 mil35.2Tanzania
78%
34,7 mil31.3Ethiopia
76%
5,6 mil93.7Turkmenistan
76%
29,9 mil88.7Uzbekistan
76%
12,8 mil10.0DR Congo
73%
6,4 mil19.9Ghana
73%
13,1 mil70.2Kazakhstan
73%
9,1 mil58.0Chad
71%
7,6 mil30.0Cameroon
67%
37,0 mil99.8Afghanistan
65%
10,5 mil89.1Guinea
65%
10,0 mil97.3Azerbaijan
59%
11,2 mil42.9Ivory Coast
59%
13,5 mil63.8Burkina Faso
55%
6,0 mil78.6Sierra Leone
51%
5,9 mil18.9Mozambique
47%

Score Distribution

Percentile by Number Answered

Percent of People with Each Score

Your Score History

You have not taken this quiz